000 00393nam a2200181Ia 4500
001 16791
005 20260306170337.0
008 260306t1997||||xx |||||||||||||| ||und||
041 _aESP
082 _a657
_bH76 1997
100 _aHorngren, Charles T.
_eAUT
245 0 _aContabilidad
260 _c1997
300 _a
_c
650 _aGEN
654 _aCCO
942 _cLIB
_dJUS
_fJUS
_2ddc
_n
999 _c16791
_d16791